Los niños y el desierto: representaciones del norte de Chile
Saved in:
| Main Authors: | , , , |
|---|---|
| Format: | Bog |
| Sprog: | spansk |
| Udgivet: |
Antofagasta
Universidad de Antofagasta
2011
|
| Fag: | |
| Tags: |
Tilføj Tag
Ingen Tags, Vær først til at tagge denne postø!
|
MARC
| LEADER | 00000cam a2200000 a 4500 | ||
|---|---|---|---|
| 001 | UCG8248 | ||
| 003 | CL-VaPUC | ||
| 008 | 111202e20110000CL |||||||||||||||||spa|d | ||
| 020 | |a 9789568293482 | ||
| 082 | 0 | 4 | |a 306.43 |b RIV |2 21 |
| 100 | 0 | |a Rivera Lam, Mailing |e author |9 559180 | |
| 700 | 0 | |a Cortés Gómez, Wilson |e author |9 559181 | |
| 700 | 0 | |a Guillén Figueroa, Ingrid |e author |9 559182 | |
| 700 | 0 | |a Uribe Gutiérrez, Patricia |e author |9 559183 | |
| 245 | 1 | 4 | |a Los niños y el desierto: representaciones del norte de Chile |
| 300 | |a 133 p | ||
| 942 | |c BK | ||
| 945 | |d 20111202 00:00:00 |a cmena | ||
| 260 | |a Antofagasta |b Universidad de Antofagasta |c 2011 | ||
| 650 | 0 | |a Sociología de la educación |9 260380 | |
| 650 | 0 | |a Investigación social |9 307814 | |
| 650 | 0 | |a Grupos sociales |9 268887 | |
| 650 | 0 | |a Etnolingüística |9 341076 | |
| 650 | 0 | |a Niños |9 255605 | |
| 650 | 0 | |a Dibujos |9 264123 | |
| 650 | 0 | |a Escuelas |9 308582 | |
| 583 | |a last modification |c 20111202 14:14:00 |k Rodrigo Vera | ||
| 999 | |c 345868 |d 345866 | ||
| 952 | |0 0 |1 0 |4 0 |6 306_430000000000000_RIV_2011 |7 0 |8 A |9 446233 |a FDOPOS |b FDOPOS |d 2019-11-22 |i 4794265 |o 306.43 RIV 2011 |p 4794265 |r 2025-01-22 |w 2019-11-22 |y BK |k DLA | ||